Applied thermodynamics for engineering technologists (Record no. 10734)

000 -LEADER
fixed length control field 00547nam a2200205u 4500
001 - CONTROL NUMBER
control field 10734
003 - CONTROL NUMBER IDENTIFIER
control field BD-DhUET
008 - FIXED-LENGTH DATA ELEMENTS--GENERAL INFORMATION
fixed length control field 810312q1963 enk 000 0 eng
040 ## - CATALOGING SOURCE
Original cataloging agency DLC
Transcribing agency DLC
Modifying agency BD-DhUET
082 ## - DEWEY DECIMAL CLASSIFICATION NUMBER
Classification number 621.01
Item number EAS/1963
100 ## - MAIN ENTRY--PERSONAL NAME
Personal name Eastop, T. D.
245 10 - TITLE STATEMENT
Title Applied thermodynamics for engineering technologists
250 ## - EDITION STATEMENT
Edition statement 1st ed.
260 ## - PUBLICATION, DISTRIBUTION, ETC. (IMPRINT)
Place of publication, distribution, etc. London
Name of publisher, distributor, etc. Longmans
Date of publication, distribution, etc. 1963
300 ## - PHYSICAL DESCRIPTION
Extent xi, 788p.
Other physical details ill.
504 ## - BIBLIOGRAPHY, ETC. NOTE
Bibliography, etc Includes bibliographies
650 #0 - SUBJECT ADDED ENTRY--TOPICAL TERM
Topical term or geographic name as entry element Thermodynamics, Engineering
700 ## - ADDED ENTRY--PERSONAL NAME
Personal name McConkey, A.
942 ## - ADDED ENTRY ELEMENTS (KOHA)
Koha item type General Book
Holdings
Koha issues (times borrowed) Not for loan Koha normalized classification for sorting Koha item type Withdrawn status Date acquired Location (home branch) Copy number Price effective from Source of classification or shelving scheme Lost status Damaged status Shelving location Sublocation or collection (holding branch) Koha date last borrowed Koha date last seen Koha full call number Piece designation (barcode)
  621_010000000000000_EAS_1963General Book 2015-02-09Central Library, BUET12015-02-09   Circulation sectionCentral Library, BUET 2015-02-09621.01/EAS/196323814
1 621_010000000000000_EAS_1963General Book 2015-04-16Central Library, BUET22015-04-16   Circulation sectionCentral Library, BUET2024-09-172024-10-19621.01/EAS/19633742
  621_010000000000000_EAS_1963General Book 2015-04-27Central Library, BUET32015-04-27   Circulation sectionCentral Library, BUET 2015-04-27621.01/EAS/196318258
  621_010000000000000_EAS_1963Reading Item 2015-06-16Central Library, BUET42015-06-16   Reading sectionCentral Library, BUET 2015-06-16621.01/EAS/196318256